000 00788nam a22002057a 4500
999 _c6395
_d6395
005 20251125232807.0
008 s2540 th tha d
020 _a9747311852
040 _aNALT
041 _atha
050 _aDS578.32
_bช282อ 2540
100 0 _aอภิวัฒน์ วรรณกร
245 1 0 _aเดินทัพทางไกล หมื่นไมล์แห่งชีวิต พล.อ.ชวลิต ยงใจยุทธ
260 3 _aกรุงเทพฯ :
_bมติชน,
_c2540
300 _a391 หน้า :
_bภาพประกอบ ;
_c 21 ซม.
650 0 4 _aชวลิต ยงใจยุทธ, 2475--
850 _aNALT
856 4 0 _uhttps://hdl.handle.net/20.500.14156/401619
_71
942 _cGB
_2lcc